CAME: colaboracíon fructífera en pie de igualdad
Salvato in:
| Ente Autore: | |
|---|---|
| Natura: | testo |
| Pubblicazione: |
Moscu:
CAME
|
| Tags: |
Aggiungi Tag
Nessun Tag, puoi essere il primo ad aggiungerne!!
|
MARC
| LEADER | 00000 a a2200000 04500 | ||
|---|---|---|---|
| 001 | 24504 | ||
| 003 | |||
| 040 | |||
| 090 | |a 172200 | ||
| 110 | |a Consejo de ayuda mutua económica | ||
| 245 | |a CAME: colaboracíon fructífera en pie de igualdad | ||
| 260 | |a Moscu: |b CAME | ||
| 300 | |a 74 p. | ||
| 999 | |c 12100 |d 12100 | ||
